[Event "FIDE Candidates"]
[Site "Khanty-Mansiysk"]
[Date "2014.03.17"]
[Round "4"]
[White "Aronian, Levon"]
[Black "Svidler, Peter"]
[Result "1-0"]
[WhiteElo "2830"]
[BlackElo "2758"]
[Annotator "Krasenkow,M"]
[PlyCount "113"]
[EventDate "2014.03.13"]
[EventType "tourn"]
[EventRounds "14"]
[EventCountry "RUS"]
[EventCategory "21"]
[SourceTitle "CBM 160"]
[Source "ChessBase"]
[SourceDate "2014.05.15"]
[SourceVersion "1"]
[SourceVersionDate "2014.05.15"]
[SourceQuality "1"]

1. d4 Nf6 2. c4 g6 3. Nc3 d5 4. Nf3 Bg7 5. cxd5 Nxd5 6. e4 Nxc3 7. bxc3 c5 8.
Rb1 O-O 9. Be2 cxd4 10. cxd4 Qa5+ 11. Bd2 Qxa2 12. O-O b6 13. Qc1 Bb7 14. Bc4
Qa4 15. Bb5 Qa2 16. Re1 Rc8 17. Qd1 Qc2 18. Qe2 Nc6 {This system was popular
15-20 years ago.} (18... Qc7 {is the main continuation here; however, it
violates the so-called Znosko-Borovsky rule, which recommends keeping the
advanced queen in the opponent's camp as long as it can't be trapped, in order
to disrupt the opponent's manoeuvring.}) 19. Bd3 (19. e5 $6 {was tried by
Aronian in a recent rapid game:} Nd8 20. Bd7 Rcb8 21. h4 Bd5 22. Rbc1 Qa2 23.
Ng5 h6 24. Nh3 Ne6 25. Qe3 Rd8 $17 {1/2 (50) Aronian,L (2803)-Grischuk,A (2783)
Beijing CHN 2013 - White does not have sufficient compensation for the pawn.})
(19. Rec1 Qa2 20. Bc4 Nxd4 $1 21. Nxd4 Rxc4 22. Qxc4 Qxd2 23. Nc6 Qd7 24. Qd5
Bxc6 25. Rxc6 Qxd5 26. exd5 Be5 (26... Bd4 $1 $15) 27. Kf1 Bd6 28. Ra1 {
1/2 Tratar,M-Jelen,Ig/SLO-ch 1996}) (19. d5 Nd4 20. Nxd4 Bxd4 $13) 19... Qa2
20. Bc4 (20. Ra1 $5 {is challenging and needs more tests; in the following
games Black failed to reach safe equality:} Qb2 (20... Qb3 $2 21. Reb1 Qe6 22.
d5 $18) 21. Ra4 (21. Reb1 $2 Nxd4 $1 $19) 21... Qb3 (21... b5 $5 22. Bxb5 a5 $1
) 22. Rea1 Nd8 23. R4a3 (23. Rxa7 Ne6 $1) 23... Qe6 24. Rxa7 Rxa7 (24... Qd6
25. Be3 Nc6 $14 {E.Solozhenkin}) 25. Rxa7 Qd6 (25... Ra8 26. Rxa8 Bxa8 27. h3
Qa2 28. Kh2 Qb2 29. d5 Nb7 30. Qe3 Nc5 31. Qf4 $1 $36 {1/2 (41) Polak,T (2525)
-Kalod,R (2435) Olomouc 1998 CBM 067 [Ftacnik,L]}) 26. Be3 e6 {1-0 (46)
Solozhenkin,E (2565)-Beshukov,S (2460) Elista 1996 CBM 056 [Solozhenkin]} 27.
Qb2 $14) 20... Qa4 21. Bb3 (21. Ra1 Qc2 22. Ra2 $2 Nxd4 $1 23. Rxc2 Nxe2+ 24.
Rxe2 Rxc4 25. Rxc4 Ba6 $19 {A.Shirov}) 21... Qa3 (21... Qa6 $6 {is hardly good
as the queen is very passive here:} 22. Qe3 Na5 (22... e6 $5 23. d5 exd5 24.
Bxd5 (24. exd5 Na5 $13) 24... Na5 25. Qa3 Bxd5 26. exd5 Rc5 27. d6 Qc8 28. Qd3
Qc6 29. d7 Rd8 30. Bb4 Nb7 31. Rbd1 $14 {1-0 (47) Petkov,S (2084)-Bazak,J IECC
2003}) (22... Rf8 23. Ra1 Na5 (23... Qb5 24. Rec1 $36) 24. Reb1 $1 e6 $5 (24...
Rac8 $2 25. Bd1 $1 $18 {Komarov,D-Liss,E/Paris/1996/ Ftacnik,L}) 25. Bd1 Bc6
26. Be2 Qc8 27. Ne5 $36 (27. Bxa5 bxa5 28. Rxa5 Rb8 $11)) 23. Bxf7+ $1 Kxf7 24.
Ng5+ Kg8 (24... Ke8 25. Qh3 $1 $40 Bxd4 26. Qxh7 b5 27. Bxa5 Qf6 28. Red1 $1 {
1-0 Poluljahov,A-Tseshkovsky,V/Krasnodar 1996 (42)}) 25. Qh3 h6 26. Ne6 $1 $40
{A.Shirov} (26. Qe6+ Kh8 27. Re3 (27. Nf7+ Kh7 28. Bxh6 {1-0 (32) Lobron,E 
(2590)-Konguvel,P (2395) Linares 1996} b5 $1) 27... b5 28. Nf7+ (28. Bxa5 Rc6
$1 29. Nf7+ Kh7 30. Ng5+ Kh8 $10) 28... Kh7 29. Ng5+ Kh8 30. Nf7+ Kh7 31. Ng5+
{1/2 (31) Lautier,J (2645)-Shirov,A (2695) Belgrade 1995 CBM 051 [Shirov]}))
22. Bxf7+ $1 {This sacrifice is the only way to cause Black any problems.} Kxf7
23. Qc4+ e6 24. Ng5+ Ke8 25. Nxe6 $44 {White has obtained excellent
compensation for the piece: Black's king is exposed and under attack, and
White's central passed pawns are his important trump for the future.} Qe7 26.
Nxg7+ (26. d5 $5 Nd4 $1 (26... Ne5 27. Qb3 $44) 27. Qa4+ b5 28. Rxb5 Nxb5 29.
Qxb5+ Kf7 30. Nxg7 Kxg7 31. d6 Qxd6 32. Qxb7+ Qc7 33. Bc3+ Kh6 34. Bd2+ Kg7 $11
) 26... Qxg7 27. Bc3 (27. Qe6+ $5 Qe7 (27... Ne7 28. d5) 28. Qg8+ Kd7 29. Qc4
Ke8 30. Qg8+ Kd7 31. Qc4 Ke8 32. Qa4 $5 Kf7 33. Qb3+ Kg7 34. Bc3 $44 {1-0 (68)
Caire,F (2474)-Domanov,D (2446) Lechenicher SchachServer 2011}) 27... Nd8 (
27... Nxd4 $1 28. Qxd4 Qxd4 29. Bxd4 Rc4 {led to an equal ending; however,
Peter Svidler decided to play for a win, hoping to make use of his extra piece
after all.}) 28. Qb3 Rc7 {Another risky decision.} (28... Rxc3 $5 29. Qxc3 Ne6
30. Rbd1 Rd8 {was possible here, consolidating Black's position.}) 29. Ba1 Rac8
30. d5 Qd7 31. Qb2 Qe7 32. Rbd1 {Now White evades a drawing line.} (32. Qh8+
Qf8 33. Qe5+ Qe7 $11 (33... Re7 $6 34. Qd4)) 32... Nf7 $6 (32... Rc2 33. Qh8+
Qf8 34. d6 Bc6 $1 35. d7+ Bxd7 36. Qxf8+ Kxf8 37. Rxd7 R2c7 38. Rd5 $13 {_|_})
33. e5 {White's pawns have finally started their advance.} Rc2 34. Qb5+ Qd7 $2
{Black gives up a piece in a much inferior version to that available on move
27.} (34... Kf8 $142 35. e6 Nd6 36. Qb3 $44) 35. Qxd7+ Kxd7 36. e6+ Kd6 37.
exf7 ({The best but very difficult move} 37. Bf6 $3 {was recommended by
commentators (GM Pavel Maletin and others). After} Ng5 $1 (37... Nh6 $2 38.
Be5+ Ke7 39. d6+ Kxe6 40. Bg7+) (37... R2c7 38. Bh4 $1 Rc4 $1 39. Bg3+ Ke7 40.
exf7+ Kxf7 41. d6 Re8 $1 42. f4 $1 {White's d-pawn can hardly be stopped.}) 38.
Be5+ $1 (38. Bxg5 Bxd5) 38... Kc5 $1 (38... Ke7 39. d6+ Kxe6 40. d7) 39. e7 $1
Bxd5 $1 40. e8=Q Rxe8 41. Bd4+ Kd6 42. Rxe8 {White should win.}) 37... Rf8 38.
Re6+ Kd7 39. Rf6 Re2 $1 40. f4 (40. Bc3 Re7 41. Bb4 Rexf7 42. Rd6+ Kc8 {
is harmless}) (40. Rf3 Re7 41. Ra3 a6 42. Bd4 Rexf7 43. Bxb6 {keeps an extra
pawn but after} Rf5 $1 {it can hardly be converted. Instead, White decides to
keep positional pressure.}) 40... Re7 41. Be5 Rexf7 42. Rd6+ Ke8 $2 (42... Ke7
$1 {was the right move, after which Black can activate his f8 rook (...Rf8-d8
or c8) and hold on.}) 43. Re1 (43. Ra1 {was possible but White finds a strong
forced manoeuvre.}) 43... Re7 44. Rc1 Rff7 45. Bf6 $1 Rd7 46. Re6+ Kf8 47. d6
Kg8 {This attempt to rearrange pieces fails.} (47... a5 {, trying to create
counterplay, might be a better chance.}) 48. h4 Rf8 49. Bg5 {Preventing 49...
Rc8.} (49. Rc7 Rxc7 50. dxc7 {was another good possibility.}) 49... Kf7 (49...
Kg7 50. h5 $1) 50. Rce1 Bc6 51. h5 $6 (51. Re7+ $1 Kg8 52. Rc1 $1 Rxd6 53. Rc7
$1 {, winning an exchange and the game, was not easy to find.}) 51... a5 $2 (
51... gxh5 {was possible. It is not immediately clear how White can win.}) 52.
Re7+ (52. hxg6+ hxg6 53. Re7+ Kg8 {was more accurate}) 52... Kg8 53. hxg6 hxg6
(53... Rxd6 54. gxh7+ Kh8 {was still possible but White should win anyway after
} 55. R7e6 Rxe6 56. Rxe6 Ba8 57. Rxb6 Kxh7 58. Ra6 {etc.}) 54. R1e6 Rf7 55.
Rxg6+ Kh7 56. Rh6+ Kg7 57. Ree6 {Black resigned a bit prematurely but after} (
57. Ree6 Rf8 58. g4 {etc. White should gradually win.}) (57. g4 $5 {was even
simpler.}) 1-0

[Event "Douglas IoM op"]
[Site "Douglas"]
[Date "2017.09.23"]
[Round "1"]
[White "Carlsen, Magnus"]
[Black "Birkisson, Bardur Orn"]
[Result "1-0"]
[WhiteElo "2827"]
[BlackElo "2164"]
[PlyCount "73"]
[EventDate "2017.09.23"]
[EventType "swiss"]
[EventRounds "9"]
[EventCountry "ENG"]
[SourceTitle "EXT 2018"]
[Source "ChessBase"]
[SourceDate "2017.10.13"]
[SourceVersion "1"]
[SourceVersionDate "2017.10.13"]
[SourceQuality "1"]

1. c4 Nf6 2. Nc3 e6 3. d4 Bb4 4. e3 O-O 5. Nf3 b6 6. Bd3 Bb7 7. O-O d5 8. cxd5
exd5 9. Ne5 Nbd7 10. f4 Ne4 11. Nxe4 dxe4 12. Bc4 Qe7 13. a3 Bd6 14. b4 Nf6 15.
Bb2 c6 16. Qc2 b5 17. Bb3 a5 18. h3 axb4 19. axb4 Bxb4 20. Rxa8 Bxa8 21. Ra1
Nd5 22. Rxa8 Rxa8 23. Qxc6 Nc7 24. Bxf7+ Kh8 25. Qxe4 Rf8 26. d5 Rxf7 27. Nxf7+
Qxf7 28. Qxb4 Nxd5 29. Qxb5 Nxe3 30. Qb8+ Qg8 31. Bxg7+ Kxg7 32. Qe5+ Kf7 33.
Qxe3 Qg6 34. Kh2 h5 35. Qb3+ Kf8 36. Qb8+ Kg7 37. Qe5+ 1-0

[Event "chess.com sf blitz 1m+1spm"]
[Site "chess.com INT"]
[Date "2016.08.24"]
[Round "29"]
[White "Vachier Lagrave, Maxime"]
[Black "Nakamura, Hikaru"]
[Result "1-0"]
[WhiteElo "2819"]
[BlackElo "2791"]
[PlyCount "23"]
[EventDate "2016.08.23"]
[EventType "match (blitz)"]
[EventRounds "32"]
[EventCountry "USA"]
[SourceTitle "CBM 174 Extra"]
[Source "ChessBase"]
[SourceDate "2016.10.10"]
[SourceVersion "1"]
[SourceVersionDate "2016.10.10"]
[SourceQuality "1"]

1. e4 e5 2. Nc3 Nc6 3. f4 exf4 4. Nf3 g5 5. Bc4 g4 6. O-O gxf3 7. Bxf7+ Kxf7 8.
Qxf3 Bh6 9. d4 Nxd4 10. Qh5+ Kg7 11. Bxf4 d6 12. Be5+ 1-0

[Event "PRO League Group Stage"]
[Site "chess.com INT"]
[Date "2019.03.13"]
[Round "10"]
[White "Mamedyarov, S."]
[Black "Sarana, A."]
[Result "1/2-1/2"]
[WhiteElo "2817"]
[BlackElo "2630"]
[PlyCount "122"]
[EventDate "2019.01.08"]
[EventType "team"]
[EventRounds "10"]
[EventCountry "USA"]
[SourceTitle "The Week in Chess 1272"]
[Source "Mark Crowther"]
[SourceDate "2019.03.25"]
[SourceVersion "1"]
[SourceVersionDate "2019.03.25"]
[SourceQuality "2"]
[WhiteTeam "San Jose Hackers"]
[BlackTeam "Australia Kangaroos"]

1. d4 Nf6 2. c4 e6 3. Nf3 d5 4. Bg5 Be7 5. Qc2 O-O 6. e3 Nbd7 7. Nc3 h6 8. Bxf6
Nxf6 9. O-O-O c5 10. dxc5 Qa5 11. Kb1 Bxc5 12. cxd5 exd5 13. Nxd5 Nxd5 14. Rxd5
b6 15. Bc4 Bb7 16. Rd7 Bc6 17. Rxf7 Rxf7 18. Bxf7+ Kxf7 19. Ne5+ Kg8 20. Qc4+
Kh8 21. Nxc6 Qd2 22. b4 Qxf2 23. Qf1 Qxe3 24. Qf3 Qxf3 25. gxf3 Bd6 26. h3 a5
27. bxa5 bxa5 28. Rd1 Bg3 29. a4 Kh7 30. Rd5 Ra6 31. Nd4 Be1 32. Kc2 Rg6 33.
Kd3 Rg2 34. Rd7 Rd2+ 35. Ke3 Ra2 36. Ne6 Ra3+ 37. Ke2 Bc3 38. Rc7 Be5 39. Rc5
Bc3 40. f4 Kg6 41. f5+ Kf6 42. Nf4 Bb4 43. Nd5+ Kg5 44. Rb5 Rxa4 45. f6 Kg6 46.
fxg7 Kxg7 47. Nxb4 axb4 48. Kf3 Ra3+ 49. Kg4 Rb3 50. h4 Rb1 51. Kh5 b3 52. Rb7+
Kf6 53. Kxh6 b2 54. h5 Kf5 55. Kh7 Ke6 56. h6 Kf6 57. Kh8 Rh1 58. Rb6+ Kf7 59.
Rb7+ Kf8 60. h7 b1=Q 61. Rxb1 Rxb1 1/2-1/2

[Event "GCT Blitz Paris 2018"]
[Site "Paris FRA"]
[Date "2018.06.23"]
[Round "1.5"]
[White "Caruana, F."]
[Black "Anand, V."]
[Result "1/2-1/2"]
[WhiteElo "2816"]
[BlackElo "2759"]
[PlyCount "86"]
[EventDate "2018.06.23"]
[EventType "tourn (blitz)"]
[EventRounds "18"]
[EventCountry "FRA"]
[EventCategory "22"]
[SourceTitle "The Week in Chess 1233"]
[Source "Mark Crowther"]
[SourceDate "2018.06.25"]
[SourceVersion "2"]
[SourceVersionDate "2018.06.26"]
[SourceQuality "2"]

1. c4 c5 2. Nf3 Nc6 3. Nc3 Nf6 4. e3 e6 5. d4 d5 6. a3 a6 7. dxc5 Bxc5 8. b4
Bd6 9. Bb2 O-O 10. cxd5 exd5 11. Be2 Be6 12. O-O a5 13. Nb5 Be7 14. bxa5 Nxa5
15. Nfd4 Bd7 16. Bc3 Nc6 17. a4 Ne4 18. Bb2 Nc5 19. Bf3 Ne5 20. Be2 Nc4 21. Bc3
Ne4 22. Be1 Bf6 23. Ra2 Re8 24. Bd3 Nc5 25. Bc2 g6 26. Bb4 Ne6 27. Bb3 Nxd4 28.
Nxd4 Qb6 29. Bc3 Rec8 30. Ba1 Na5 31. Bxd5 Nc6 32. Nb5 Nb4 33. Bxf7+ Kxf7 34.
Qxd7+ Be7 35. Bd4 Qc6 36. Qh3 Nxa2 37. Qxh7+ Ke8 38. h3 Rxa4 39. Rd1 Qe6 40.
Qh8+ Kf7 41. Qh7+ Ke8 42. Qh8+ Kf7 43. Qh7+ Ke8 1/2-1/2

[Event "Tata Steel-A 73rd"]
[Site "Wijk aan Zee"]
[Date "2011.01.29"]
[Round "12"]
[White "Carlsen, Magnus"]
[Black "Wang, Hao"]
[Result "1-0"]
[WhiteElo "2814"]
[BlackElo "2731"]
[Annotator "Postny,E"]
[PlyCount "57"]
[EventDate "2011.01.14"]
[EventType "tourn"]
[EventRounds "13"]
[EventCountry "NED"]
[EventCategory "20"]
[SourceTitle "CBM 141"]
[Source "ChessBase"]
[SourceDate "2011.03.17"]
[SourceVersion "1"]
[SourceVersionDate "2011.03.17"]
[SourceQuality "1"]

1. e4 c6 2. d4 d5 3. e5 Bf5 4. Be3 e6 5. Nd2 Nd7 6. Ngf3 Bg6 7. Be2 Ne7 {
I know that some of the Caro-Kann specialists prefer to develop the knight on
h6, with little concern about spoiling the pawn structure. Perhaps, it's a
matter of taste, but, in practice Black achieve results superior to the move
in the text. Here is the latest example:} (7... Nh6 8. O-O Be7 9. Bxh6 gxh6 10.
Nb3 O-O 11. Qd2 Kg7 12. c3 f6 13. Qe3 Qc7 14. c4 Rae8 $132 {0-1 Edouard,R 
(2634)-Zhigalko,A (2566)/Moscow RUS 2011/The Week in Chess 850 (36)}) 8. Nh4 $1
{The best way to fight for an advantage.} c5 ({Black can also save his bishop
by} 8... Nf5 9. Nxf5 Bxf5 10. g4 Bg6 11. h4 h6 12. h5 Bh7 {This position
appeared in a couple of games. I believe that here Black's chances to equalise
are higher than after the choice of Wang Hao.}) 9. c3 Nc6 10. Nxg6 hxg6 11. Nf3
({Another possible idea for White is} 11. a3 Rc8 (11... a5 12. a4 $14) 12. b4
cxd4 13. cxd4 {gaining space on the queenside.}) 11... Rc8 $6 {This standard
move can't be so bad, but, I believe that Black's play should be more concrete.
} (11... Be7 12. O-O O-O 13. Bd3 Qb6 14. Qe2 Rfc8 15. h4 cxd4 16. cxd4 Nb4 17.
Bb1 Qa6 18. Qd1 $1 $14 {1-0 Svidler,P (2735)-Macieja,B (2613)/Germany 2004/EXT
2005 (61)}) (11... cxd4 12. cxd4 Qa5+ 13. Kf1 {This is just a temporary
inconvenience for the king. After g2-g3 he will find a safe shelter on g2.
Later on White will start the plan that was realized in current game. The
evaluation clearly favours White.}) (11... Qb6 $1 {If Black wants to continue
to play this line, he has to be more active.} 12. O-O $5 (12. Qc2 cxd4 13. cxd4
Qa5+ 14. Kf1 Rc8 $132 {The queen on c2 is vulnerable.}) 12... Qxb2 {Risky, but
principled.} 13. Rb1 Qxc3 $2 (13... Qxa2 14. Rxb7 {White's compensation is
obvious, but the objective evaluation is unclear to me. This position is worth
being checked in practice. Here is a sample line:} c4 {It is recommended for
Black to close the centre.} 15. Ng5 Nd8 16. Bg4 $5 {A very interesting rook
sacrifice.} (16. Rb1 Be7 17. Bg4 $44) 16... Nxb7 17. Qf3 f5 (17... Nf6 18. exf6
Nd8 19. Re1 $1 $44) 18. Nxe6 Rc8 19. Bxf5 gxf5 20. Qxf5 Nb6 21. Bg5 Be7 22.
Nxg7+ Kd8 {White has a perpetual check, but not more than that.}) 14. Rxb7 cxd4
(14... c4 15. Rc7 $18 {Black's knight doesn't have a good square in view of
the threat Qd1-a4.}) 15. Bd2 Qa3 16. Bb5 Rc8 17. Qb1 $1 Be7 18. Rc1 $18) 12.
O-O a6 {This plan is obviously slow. On the other hand, it's very hard to
suggest an alternative idea. Due to doubled pawns on the kingside, Black can,
in no way, realise the ...f7-f6 advance.} 13. g3 Be7 14. h4 b5 (14... Qb6 15.
Rb1 {and Black has no good way to develop his initiative on the queenside.})
15. a4 $1 {It is useful for White to open the a-file.} Qb6 16. axb5 axb5 17.
Kg2 c4 {It should be noted, that castling is unsatisfactory for Black at any
moment. In such a case White simply plays Rh1 followed by h4-h5 with an
irresistible attack.} 18. Ng5 Qd8 19. Bg4 {Now some sacrifices on e6 or f7 are
in the offing, therefore, Black's next more is practically forced.} Bxg5 20.
Bxg5 Qc7 21. Rh1 {White's plan is incredibly prosaic, and there is nothing
Black can do about it. His counterplay on the queenside is way too slow.} Nb6
22. h5 {Black is lost, where did he go that astray? I guess, the whole
conception was wrong and the plan on the queenside too slow as well.} gxh5 23.
Bxh5 Na4 {This allows a spectacular finish, but the position is lost anyway.} (
23... g6 24. Bg4 {is not a relief for Black. Either the penetration along the
h-line, or the manouevre Qd1-Qf3-Qf6 will be decisive.}) (23... Rf8 24. Qc2 g6
(24... Kd7 25. Qh7 $18) 25. Bg4 Ne7 26. Rh7 Nf5 {and here White has several
winning ideas,} 27. Qc1 Qb7 28. Bd1 $18 {followed by Qc1-f4 and g3-g4 is just
one good example.}) 24. Bxf7+ $1 Kxf7 25. Qf3+ Kg8 (25... Kg6 26. Bf6 $1 $18)
26. Rxh8+ Kxh8 27. Rh1+ Kg8 28. Qh5 Rf8 (28... Ne7 29. Bxe7 Qxe7 30. Qh8+ Kf7
31. Qxc8 $18) 29. Bf6 $1 (29. Bf6 Qd7 30. Qg6 $1 $18) 1-0

[Event "Mitropa sim"]
[Site "Meissen"]
[Date "2013.05.31"]
[Round "1"]
[White "Aronian, Levon"]
[Black "Wagner, Dennis"]
[Result "1/2-1/2"]
[WhiteElo "2813"]
[BlackElo "2487"]
[PlyCount "72"]
[EventDate "2013.05.31"]
[EventType "simul"]
[EventRounds "1"]
[EventCountry "GER"]
[SourceTitle "CBM 154 Extra"]
[Source "ChessBase"]
[SourceDate "2013.06.25"]
[SourceVersion "2"]
[SourceVersionDate "2013.06.25"]
[SourceQuality "1"]

1. d4 Nf6 2. Nf3 g6 3. Nbd2 c5 4. dxc5 Qa5 5. a3 Qxc5 6. b4 Qc7 7. Bb2 Bg7 8.
e3 O-O 9. c4 d6 10. Be2 Nc6 11. O-O a5 12. Qb3 b6 13. Bc3 Bb7 14. Qb2 axb4 15.
axb4 Rxa1 16. Rxa1 Ra8 17. h3 Qb8 18. Rb1 Ra7 19. Bd1 Qa8 20. Bb3 Qf8 21. c5
bxc5 22. bxc5 dxc5 23. Ng5 Nd8 24. Bc4 Nd5 25. Bxg7 Qxg7 26. Qb5 Qe5 27. Ndf3
Qc7 28. e4 Nf6 29. Nxf7 Nxf7 30. Ng5 Bc8 31. Bxf7+ Kg7 32. Bb3 h6 33. Qc4 hxg5
34. Qf7+ Kh6 35. Qf8+ Kh7 36. Qf7+ Kh6 1/2-1/2

[Event "Zuerich Chess Challenge Blitz 4th"]
[Site "Zuerich"]
[Date "2015.02.13"]
[Round "3"]
[White "Caruana, Fabiano"]
[Black "Anand, Viswanathan"]
[Result "1/2-1/2"]
[WhiteElo "2811"]
[BlackElo "2797"]
[Annotator "Ramirez Alvarez,Alejandro"]
[PlyCount "32"]
[EventDate "2015.02.13"]
[EventType "tourn (blitz)"]
[EventRounds "5"]
[EventCountry "SUI"]
[EventCategory "22"]
[SourceTitle "CBM 164 Extra"]
[Source "ChessBase"]
[SourceDate "2015.03.02"]
[SourceVersion "1"]
[SourceVersionDate "2015.03.02"]
[SourceQuality "1"]

1. e4 e5 2. Nc3 Nf6 3. Bc4 Bc5 4. d3 c6 5. Bg5 h6 6. Bh4 d6 7. Nf3 Nbd7 8. Bb3
Bb6 9. d4 g5 10. Bg3 g4 11. dxe5 $5 (11. Nxe5 dxe5 12. dxe5 Nh7 13. e6 $1 fxe6
14. Qxg4 {is very, very unclear.}) 11... gxf3 12. exf6 fxg2 13. Bxf7+ $5 {
Exposing the king to checks by sacrificing a piece!} (13. Rg1 {is logical,
with a position that is very difficult to evaluate.}) 13... Kxf7 14. Qh5+ Ke6 (
14... Kxf6 {keeps the game going, and even though Black is up a bishop it
looks extremely risky. A computer might win this game, but in blitz it seems
suicidal as it is difficult to find the necessary defensive resources.}) 15.
Qf5+ (15. Qg4+ Kf7 $11) 15... Kf7 16. Qh5+ Ke6 1/2-1/2

[Event "chess.com Speed 2019"]
[Site "chess.com INT"]
[Date "2019.11.18"]
[Round "2.14"]
[White "Ding Liren"]
[Black "Nepomniachtchi, I."]
[Result "1/2-1/2"]
[WhiteElo "2811"]
[BlackElo "2776"]
[PlyCount "149"]
[EventDate "2019.09.02"]
[EventType "k.o. (blitz)"]
[EventRounds "4"]
[EventCountry "USA"]
[SourceTitle "The Week in Chess 1307"]
[Source "Mark Crowther"]
[SourceDate "2019.11.25"]
[SourceVersion "1"]
[SourceVersionDate "2019.11.25"]
[SourceQuality "2"]

1. c4 e5 2. g3 Nf6 3. Bg2 d5 4. cxd5 Nxd5 5. Nf3 Nc6 6. O-O Nb6 7. b3 f6 8. Bb2
Be6 9. Nc3 Qd7 10. d4 Nxd4 11. Nxd4 exd4 12. Ne4 Rd8 13. Qc2 d3 14. exd3 Be7
15. d4 O-O 16. Nc5 Bxc5 17. dxc5 Nd5 18. c6 Qxc6 19. Qxc6 bxc6 20. Ba3 Rfe8 21.
Rac1 Bf7 22. Rxc6 Re2 23. Ra1 Rde8 24. Bf3 Rd2 25. Rcc1 Rd3 26. Bg2 a5 27. Bf1
Rd2 28. Rd1 Rxd1 29. Rxd1 a4 30. bxa4 Ra8 31. Bc4 Nc3 32. Bxf7+ Kxf7 33. Rd7+
Kg6 34. Rxc7 Nxa4 35. Bc1 Nb6 36. a3 h5 37. h4 Nd5 38. Rc5 Ne7 39. Kg2 Nf5 40.
Rc4 Nd6 41. Rb4 Rc8 42. Bf4 Nf5 43. a4 Rc2 44. a5 Ra2 45. Rb5 Nd4 46. Rd5 Nb3
47. Bc7 Nd2 48. Bb6 Nc4 49. Rc5 Nxb6 50. axb6 Rb2 51. Rc6 Kf5 52. Kf3 g5 53.
Ke3 Ke5 54. f4+ gxf4+ 55. gxf4+ Kf5 56. Kd3 Kxf4 57. Kc3 Rb1 58. Rc4+ Kg3 59.
Rb4 Rc1+ 60. Kd4 Rc8 61. b7 Rb8 62. Kc5 f5 63. Kc6 f4 64. Kc7 Rxb7+ 65. Kxb7 f3
66. Kc6 f2 67. Rb1 Kxh4 68. Kd5 Kg3 69. Ke4 Kg2 70. Ke3 f1=Q 71. Rxf1 Kxf1 72.
Kf3 Ke1 73. Kg3 Kd2 74. Kh4 Ke3 75. Kxh5 1/2-1/2

[Event "Tata Steel-A 73rd"]
[Site "Wijk aan Zee"]
[Date "2011.01.26"]
[Round "10"]
[White "Anand, Viswanathan"]
[Black "Shirov, Alexei"]
[Result "1-0"]
[WhiteElo "2810"]
[BlackElo "2722"]
[Annotator "Marin,M"]
[PlyCount "51"]
[EventDate "2011.01.14"]
[EventType "tourn"]
[EventRounds "13"]
[EventCountry "NED"]
[EventCategory "20"]
[SourceTitle "CBM 141"]
[Source "ChessBase"]
[SourceDate "2011.03.17"]
[SourceVersion "1"]
[SourceVersionDate "2011.03.17"]
[SourceQuality "1"]

1. d4 d5 2. c4 c6 3. Nf3 Nf6 4. Nc3 e6 5. Bg5 Nbd7 6. e3 Qa5 7. cxd5 Nxd5 8.
Qd2 Bb4 9. Rc1 h6 10. Bh4 c5 {Shirov displays the same readiness to defend his
point of view as in the case of the New Arkhangelsk.} 11. Bc4 $5 Nxc3 $146 ({
Deviating from his the game played just the day before:} 11... cxd4 $146 12.
Qxd4 $1 {Aronian,L (2805)-Shirov,A (2722)/Wijk aan Zee 2011/CBM 141/[Krasenkow]
(1-0, 53)}) 12. bxc3 Ba3 13. Rb1 a6 14. Be2 O-O 15. O-O b5 16. c4 Bb4 17. Qc2
Bb7 18. Rfd1 bxc4 ({Before releasing the tension, it might have made sense to
complete his development with} 18... Rac8 $5) 19. dxc5 Nxc5 20. Rd4 $36 Rab8
21. Ne5 Bd5 22. Be7 Rfe8 23. Bd6 Rbd8 24. Bh5 Rxd6 25. Bxf7+ Kf8 26. Bxe8 1-0